[Event "Zig-Zig Sputnik"]
[Site "http://www.queenalice.com/game.php?id=131484"]
[Date "2006.11.20"]
[Round "-"]
[White "lsdr"]
[Black "Jim"]
[Result "1-0"]
[WhiteElo "1473"]
[BlackElo "1105"]

1. e4 e5 2. Nf3 Nf6 3. Bd3 Bd6 4. O-O O-O 5. Ng5 Qe7 6. Nc3 Nc6 7. Qf3 Nd4 8.
Qh3 c6 9. Re1 b5 10. Re3 Bc5 11. Rg3 d6 12. Qh4 h5 13. Be2 b4 14. Bxh5 g6 15.
Bg4 Nxg4 16. Qh7# 1-0

[Event "New Challenge"]
[Site "http://www.queenalice.com/game.php?id=161617"]
[Date "2007.1.31"]
[Round "-"]
[White "Cedinho"]
[Black "Jim"]
[Result "0-1"]
[WhiteElo "1215"]
[BlackElo "1089"]

1. e4 e5 2. Nc3 Nc6 3. Nf3 d6 4. b3 Nf6 5. Ba3 Be7 6. d4 Be6 7. Nd5 Nxd5 8. exd5
Bxd5 9. h4 O-O 10. h5 exd4 11. g3 Ne5 12. c4 Bxf3 13. Qxd4 c5 14. Qc3 Bxh1 15.
b4 Nf3+ 16. Ke2 Bf6 17. Qc1 Nd4+ 18. Ke1 Qe8+ 19. Kd2 Nf3+ 20. Kd1 Qe1+ 21. Kc2
Qxf2+ 22. Kb1 Nd2+ 23. Kc2 Nxf1+ 24. Kb3 a5 25. bxa5 Qxg3+ 26. Qc3 Qxc3+ 27. Ka4
Rxa5# 0-1

[Event "Challenge"]
[Site "http://www.queenalice.com/game.php?id=176592"]
[Date "2007.3.3"]
[Round "-"]
[White "Uragano"]
[Black "Jim"]
[Result "1-0"]
[WhiteElo "1774"]
[BlackElo "1108"]

1. e4 c5 2. Nf3 Nc6 3. d4 cxd4 4. Nxd4 e5 5. Nf3 Nf6 6. Bg5 Bc5 7. Nc3 Qb6 8.
Qd2 Bxf2+ 9. Kd1 h6 10. Bxf6 gxf6 11. Na4 1-0

[Event "Chá Renji"]
[Site "http://www.queenalice.com/game.php?id=260308"]
[Date "2007.8.23"]
[Round "-"]
[White "Jim"]
[Black "lsdr"]
[Result "0-1"]
[WhiteElo "1108"]
[BlackElo "1389"]

1. d4 d5 2. Nc3 Nf6 3. Nf3 b5 4. Nxb5 Nc6 5. c3 Na5 6. Qd3 Ba6 7. Bf4 Rb8 8. a4
e5 9. Bxe5 Nb3 10. Rb1 Rb7 11. c4 Bb4+ 12. Nc3 dxc4 13. Qe4 Nxe4 14. e3 c5 15.
Be2 f6 16. Bf4 g5 17. Nxg5 fxg5 18. Be5 Bxc3+ 19. Kf1 Nbd2+ 20. Kg1 Nxb1 21.
Bh5+ Ke7 22. bxc3 Qf8 23. f3 Nbd2 24. dxc5 Rb1# 0-1

[Event "Challenge"]
[Site "http://www.queenalice.com/game.php?id=264506"]
[Date "2007.8.31"]
[Round "-"]
[White "Jim"]
[Black "nandoveneno"]
[Result "0-1"]
[WhiteElo "1119"]
[BlackElo "1710"]

1. d4 d5 2. Nc3 Nf6 3. Nf3 e6 4. Ne5 Bd6 5. Bf4 O-O 6. e3 a6 7. Bd3 Ne4 8. O-O
Nxc3 9. bxc3 Nd7 10. Qg4 Nf6 11. Qg5 Ne8 12. Qxd8 Nf6 13. Qxf8+ Kxf8 14. c4 c6
15. cxd5 Nxd5 16. Bg5 f6 17. c4 Nb4 18. Bxh7 fxe5 19. dxe5 Bxe5 20. Rad1 Kf7 21.
a3 Na2 22. e4 b6 23. Rd3 g6 24. Rf3+ Kg7 25. Rh3 Bd4 26. Rf3 Kxh7 27. Re1 a5 0-1

[Event "Sparke Challenge"]
[Site "http://www.queenalice.com/game.php?id=457897"]
[Date "2008.9.3"]
[Round "-"]
[White "Jim"]
[Black "lsdr"]
[Result "0-1"]
[WhiteElo "1117"]
[BlackElo "1371"]

1. e4 e5 2. Nf3 d6 3. Nc3 Nc6 4. d3 f6 5. Be3 Be6 6. Qd2 h6 7. O-O-O Nb4 8. Kb1
Qd7 9. h4 Qc6 10. g3 d5 11. Bh3 d4 12. Bxe6 Qxe6 13. Nd5 Rc8 14. Nxb4 dxe3 15.
Qxe3 Bxb4 16. d4 b6 17. dxe5 Bc5 18. Nd2 Bxe3 19. fxe3 Ne7 20. g4 Nc6 21. Nf3
Qxg4 22. Rdf1 Qg2 23. Ne1 Qe2 24. Nd3 Rd8 25. Re1 Qf3 26. Nf4 Qxe4 27. Ne6 Rd2
28. Nxg7+ Ke7 29. Rd1 Qxc2+ 30. Ka1 Qxb2# 0-1

[Event "Awesome Power!!"]
[Site "http://www.queenalice.com/game.php?id=487879"]
[Date "2008.11.4"]
[Round "-"]
[White "lsdr"]
[Black "Jim"]
[Result "0-1"]
[WhiteElo "1419"]
[BlackElo "1111"]

1. Nc3 d5 2. e3 e6 3. b3 Nc6 4. a4 Nf6 5. Be2 Bc5 6. Ba3 Qd6 7. Nf3 O-O 8. Bxc5
Qxc5 9. Bd3 Qd6 10. Ng5 e5 11. Nb5 Qe7 12. Qf3 a6 13. Qh3 Bxh3 14. gxh3 e4 15.
Be2 Qe5 16. d4 Qxg5 17. Kd2 axb5 18. Rag1 Qh4 19. axb5 Nb4 20. Kc3 Na2+ 21. Kd2
Qxh3 22. Rg3 Qh4 23. c4 Ra3 24. Ra1 dxc4 25. Bxc4 Qxh2 26. Ke2 Nc3+ 27. Kd2 Rxa1
28. Kxc3 Qxf2 29. Rg5 Qxe3+ 30. Kb2 Qc1# 0-1

[Event "Challenge"]
[Site "http://www.queenalice.com/game.php?id=489702"]
[Date "2008.11.7"]
[Round "-"]
[White "Jim"]
[Black "Saru"]
[Result "1-0"]
[WhiteElo "1166"]
[BlackElo "1207"]

1. d4 d5 2. e3 Nc6 3. Nc3 e5 4. dxe5 Bb4 5. Bd2 Nxe5 6. Bb5+ c6 7. Ba4 Ne7 8.
Nf3 Bg4 9. O-O Bxf3 10. gxf3 d4 11. exd4 Nc4 12. Bf4 O-O 13. Qd3 b5 14. Bb3 Ng6
15. Bg3 Nxb2 16. Qe3 Nc4 17. Bxc4 Rb8 18. Bxb8 Qxb8 19. Rab1 a5 20. Ne4 bxc4 21.
a3 Qb5 22. Nc5 Qb8 23. axb4 Re8 24. bxa5 Qa8 25. Qd2 Nh4 26. Qf4 Qxa5 27. Rb8
Ng6 28. Rxe8+ Nf8 29. Rxf8+ Kxf8 30. Qd6+ Ke8 31. Rb1 Qa2 32. Rb8# 1-0

[Event "Revenge is a dinner best served"]
[Site "http://www.queenalice.com/game.php?id=494668"]
[Date "2008.11.17"]
[Round "-"]
[White "Jim"]
[Black "lsdr"]
[Result "1-0"]
[WhiteElo "1139"]
[BlackElo "1415"]

1. d4 d5 2. Nc3 Nf6 3. Nf3 e6 4. e3 Bd6 5. Bd3 O-O 6. O-O Ng4 7. Qe2 f5 8. Nb5
Bxh2+ 9. Nxh2 Qh4 10. Nxg4 fxg4 11. Nxc7 e5 12. Nxa8 e4 13. Bb5 g3 14. c4 Bh3
15. gxh3 Rf6 16. fxg3 Qxg3+ 17. Qg2 Rxf1+ 18. Kxf1 Qf3+ 19. Qxf3 exf3 20. cxd5
a6 21. Bd3 Nd7 22. Kf2 Nf6 23. d6 h5 24. Nb6 g5 25. d7 g4 26. d8=Q+ Kg7 27. Qe7+
Kh6 28. Qxf6# 1-0

[Event "I have a bad feeling about this!"]
[Site "http://www.queenalice.com/game.php?id=503464"]
[Date "2008.12.5"]
[Round "-"]
[White "lsdr"]
[Black "Jim"]
[Result "1-0"]
[WhiteElo "1388"]
[BlackElo "1184"]

1. e4 e5 2. Nf3 Nf6 3. d3 Nc6 4. Be3 d6 5. Nc3 Be6 6. Be2 a5 7. Bg5 h6 8. Bxf6
gxf6 9. a4 f5 10. exf5 Bxf5 11. Nd5 Rb8 12. Nh4 Qxh4 13. Qd2 Rc8 14. b4 b6 15.
bxa5 Nxa5 16. Nb4 c5 17. Nc6 Nxc6 18. d4 exd4 19. O-O-O Ra8 20. Bb5 Rc8 21.
Rhe1+ Be4 22. f3 f5 23. g3 Qh3 24. fxe4 h5 25. exf5+ Be7 26. f6 Rc7 27. Qf4 Qc8
28. f7+ Kf8 29. Bc4 Ne5 30. Bd5 Rg8 31. Qh6+ Rg7 32. Qh8+ Rg8 33. Qxg8# 1-0

[Event "Challenge"]
[Site "http://www.queenalice.com/game.php?id=506988"]
[Date "2008.12.13"]
[Round "-"]
[White "uracile"]
[Black "Jim"]
[Result "1-0"]
[WhiteElo "1482"]
[BlackElo "1193"]

1. e4 e5 2. Qh5 d6 3. Bc4 Nh6 4. d3 Bg4 5. Bxf7+ Kd7 6. Qg5 Qxg5 7. Bxg5 Nxf7 8.
Be3 Nc6 9. a3 Be7 10. Nc3 Nd4 11. Bxd4 exd4 12. Nd5 Rae8 13. h3 Be6 14. Nf4 g5
15. Nfe2 c5 16. g4 Ne5 17. O-O-O Rhf8 18. f3 Nxf3 19. Nxf3 Rxf3 20. c3 Bb3 21.
Rde1 Rxd3 22. cxd4 cxd4 23. Rh2 Rc8+ 24. Kb1 Bc2+ 25. Ka1 d5 26. e5 Rc6 27. Nc1
Rdc3 28. bxc3 Rxc3 29. e6+ Kd6 30. Kb2 Be4 31. Ne2 Rc2+ 32. Kb3 d3 33. Rf2 dxe2
34. Rexe2 Rxe2 35. Rxe2 Kxe6 36. a4 Bc5 37. Kc3 1-0

[Event "He's holding me back!"]
[Site "http://www.queenalice.com/game.php?id=514358"]
[Date "2008.12.29"]
[Round "-"]
[White "Jim"]
[Black "lsdr"]
[Result "1-0"]
[WhiteElo "1176"]
[BlackElo "1397"]

1. e4 Nc6 2. Nc3 Nf6 3. Bd3 e5 4. Nf3 Bc5 5. O-O Ng4 6. Bc4 Qf6 7. Nd5 Nd4 8.
Nxf6+ Nxf6 9. Nxe5 Nxe4 10. Qh5 g6 11. Nxg6 Nf6 12. Qe5+ Kd8 13. Qxf6+ Ke8 14.
Bxf7# 1-0

[Event "Aye, captain!"]
[Site "http://www.queenalice.com/game.php?id=526847"]
[Date "2009.1.21"]
[Round "-"]
[White "lsdr"]
[Black "Jim"]
[Result "1-0"]
[WhiteElo "1397"]
[BlackElo "1201"]

1. Nf3 Nf6 2. Nc3 Nc6 3. e4 e6 4. Bc4 b5 5. Nxb5 a6 6. Nc3 Na5 7. Bd5 exd5 8.
exd5 c6 9. O-O cxd5 10. d4 Nc4 11. Qe2+ Be7 12. Bg5 h6 13. Bxf6 gxf6 14. Nxd5
Kf8 15. Qxc4 Qa5 16. Nxe7 Kxe7 17. Rae1+ Kd8 18. Qxf7 Kc7 19. Qxf6 Qb6 20. Qxh8
Qa7 21. Re8 h5 22. Qxh5 a5 23. d5 Kb7 24. Ne5 d6 25. Re7+ Ka6 26. Qe2+ Kb6 27.
Rxa7 Kxa7 28. Qb5 Rb8 29. Qxa5+ Ba6 30. c4 Rc8 31. b4 Rxc4 32. Nxc4 Ka8 33.
Qxa6+ Kb8 34. Nxd6 Kc7 35. Rc1+ Kd7 36. Rc8 Ke7 37. Nf5+ Kd7 38. Qb7# 1-0

[Event "Cha-renge!"]
[Site "http://www.queenalice.com/game.php?id=1467703"]
[Date "2017.3.7"]
[Round "-"]
[White "lsdr"]
[Black "Jim"]
[Result "1-0"]
[WhiteElo "1327"]
[BlackElo "1189"]

1. e4 e5 2. Nf3 f6 3. g4 Nh6 4. Nh4 Nxg4 5. Qxg4 g6 6. f4 Nc6 7. Bc4 d6 8. f5
Nd4 9. Nxg6 Nxc2+ 10. Kd1 Nxa1 11. Nxh8 Qe7 12. Qh5+ Kd8 13. Nf7+ Kd7 14. Be6+
Kc6 15. Bd5+ Kc5 16. Qf3 Qxf7 17. b4+ Kb6 18. Qa3 a5 19. Bxf7 c5 20. Qe3 Kc7 21.
bxc5 Kb8 22. c6 Ra7 23. Qb6 Be7 24. Nc3 d5 25. Nb5 Ra6 26. Qc7+ 1-0

[Event "Challenge"]
[Site "http://www.queenalice.com/game.php?id=1534093"]
[Date "2018.7.9"]
[Round "-"]
[White "eduardocosta"]
[Black "Jim"]
[Result "1-0"]
[WhiteElo "1704"]
[BlackElo "1169"]

1. e3 e5 2. Nf3 Nf6 3. Nxe5 Qe7 4. d4 d6 5. Nf3 Nc6 6. c4 Be6 7. d5 Bf5 8. Nc3
O-O-O 9. Bd3 g6 10. a3 h6 11. Bxf5+ Nd7 12. Bxd7+ Qxd7 13. Nb5 Na5 14. Nxa7+ Kb8
15. Nb5 Nxc4 16. a4 g5 17. Qd4 b6 18. Qxh8 c6 19. dxc6 Qxc6 20. O-O g4 21. Nfd4
Qd5 22. Qg8 g3 23. Nc3 Qf5 24. Nxf5 1-0

[Event "Challenge"]
[Site "http://www.queenalice.com/game.php?id=1535846"]
[Date "2018.7.22"]
[Round "-"]
[White "Jim"]
[Black "dejami"]
[Result "0-1"]
[WhiteElo "1167"]
[BlackElo "1724"]

1. d4 e6 2. e4 Qh4 3. Nf3 Qxe4+ 4. Be2 h6 5. Nc3 Qg6 6. O-O c6 7. Bd3 Qf6 8. Ne4
Qd8 9. Nd6+ Bxd6 10. c4 g5 11. c5 Be7 12. h4 g4 0-1

[Event "Challenge"]
[Site "http://www.queenalice.com/game.php?id=1535847"]
[Date "2018.7.22"]
[Round "-"]
[White "dejami"]
[Black "Jim"]
[Result "1-0"]
[WhiteElo "1726"]
[BlackElo "1165"]

1. e4 e5 2. Bc4 Qe7 3. d4 b5 4. Bxb5 c6 5. Be2 Qb4+ 6. c3 Qe7 7. Nh3 d6 8. d5 c5
9. Bg5 f6 10. Bd2 g5 11. c4 Ba6 12. Bh5+ Kd7 13. Qa4+ Kd8 14. Ba5+ 1-0

[Event "Etchuta "]
[Site "http://www.queenalice.com/game.php?id=1535898"]
[Date "2018.7.23"]
[Round "-"]
[White "lsdr"]
[Black "Jim"]
[Result "1-0"]
[WhiteElo "1337"]
[BlackElo "1179"]

1. e4 e5 2. Nf3 Nf6 3. Nxe5 Qe7 4. d4 Nxe4 5. Qf3 f5 6. Qxf5 Nd6 7. Qf3 Nc4 8.
Bxc4 Qb4+ 9. Bd2 Qxb2 10. Qf7+ Kd8 11. Bg5+ Be7 12. Qxe7# 1-0